Bevölkerungsreichste Stadtteile von Hamburg - Statistiken

Allgemein
  • Dieses Quiz wurde 158 mal gespielt
  • Das Durchschnittsergebnis liegt bei 9 aus 20
Antwortstatistiken
Einwohner Stadtteil % Korrekt
36.671 Wandsbek
71%
57.593 Eimsbüttel
65%
36.160 Bergedorf
63%
71.077 Billstedt
58%
53.064 Wilhelmsburg
56%
40.906 Niendorf
50%
92.511 Rahlstedt
49%
37.989 Hamm
47%
37.903 Horn
46%
56.382 Winterhude
46%
42.149 Barmbek-Nord
42%
35.880 Barmbek-Süd
41%
35.078 Eidelstedt
38%
35.136 Ottensen
35%
46.272 Langenhorn
33%
36.521 Lurup
31%
52.704 Bramfeld
28%
35.477 Farmsen-Berne
26%
32.054 Neugraben-Fischbek
21%
40.745 Lohbrügge
14%
Keine übereinstimmenden Quizze gefunden
Verteilung der Resultate
Anzahl Personen mit jedem Resultat
Perzentil nach korrekt beantworteten Fragen
Ihre Resultats-Entwicklung
Sie haben dieses Quiz noch nicht gespielt